Marie Curie / Peter Ksoll, Fritz Vögtle ; traducció de Núria Roig
Descripción Física:
131 p. : il. ; 21 cm
Colección:
Col·lecció Pere Vergés de biografies ; 11
Materias:
Curie, Marie -- Biografia
MARC
| LEADER | 00000nam a2200000Ia 4500 | ||
|---|---|---|---|
| 001 | 12478 | ||
| 008 | 160829s1991 xx 000 0 cat d | ||
| 080 | |a C-1-359 | ||
| 100 | |a Ksoll, Peter |9 21041 | ||
| 245 | |a Marie Curie / Peter Ksoll, Fritz Vögtle ; traducció de Núria Roig | ||
| 260 | |a Barcelona : |b Edicions 62 : |b Caixa de Catalunya, |c 1991 | ||
| 300 | |a 131 p. : |b il. ; |c 21 cm | ||
| 490 | |a Col·lecció Pere Vergés de biografies ; 11 | ||
| 590 | |a Amb la col·laboració de la Fundació Pere Vergés | ||
| 650 | |a Curie, Marie |x Biografia |9 21042 | ||
| 700 | |a Vögtle, Fritz |9 21043 | ||
| 700 | |a Roig, Núria, tr. |9 20027 | ||
| 700 | |a Fundació Pere Vergés |9 21045 | ||
| 710 | 2 | |a Caixa de Catalunya |9 53090 | |
| 901 | |a Arxiu | ||
| 942 | |n 1 | ||
| 952 | |0 0 |1 0 |4 0 |6 C1359 |7 1 |9 41778 |a Arxiu |b Arxiu |d 2016-12-01 |l 0 |o C-1-359 |p 12478 |r 2016-12-01 00:00:00 |w 2016-12-01 |y ARXIU | ||
| 999 | |c 43668 |d 43668 | ||